Les Métis du Canada - Statistiques

Statistiques générales
  • Ce quiz a été pris 5 fois
  • Le résultat moyen est 12 sur 16
Statistiques - réponses
Questions Réponses % Correct
Province dans laquelle eut lieu la bataille de Batoche qui s'est soldée par la victoire décisive de la Confédération canadienne sur les Métis. La Saskatchewan
100%
Animal que chassaient le guerrier métis vainqueur de la bataille de Fish Creek (réponse #5) ainsi que sa famille. Le bison
100%
Province canadienne créée en 1870 par le précédent. Le Manitoba
100%
Chef du peuple métis dans les Prairies canadiennes au moment de la rébellion de la Rivière rouge de 1869/1870 et de la rébellion du Nord-Ouest de 1885. Louis Riel
100%
Premier Premier ministre de l'histoire du Canada, conservateur presbytérien puis anglican, qui réprima dans le sang la révolte métisse de 1885. Sir John A. Macdonald
100%
Autre grande ville de l'Alberta où vivent environ 21 000 personnes revendiquant des origines métisses en 2022, soit 50% de la population autochtone. Calgary
80%
Capitale de l'Alberta. Depuis 2019, le drapeau métis y flotte en permanence à l'hôtel de ville. Edmonton
80%
État des États-Unis d'Amérique à la frontière canadienne dans lequel se trouve la mission jésuite du district de Sun River. Le Chef métis (réponse #1) s'y exila entre 1878 et 1885 et y enseigna. Le Montana
80%
Peuple autochtone algonquin des Prairies canadiennes. Leur langue associée au français a donné naissance au langage metchif ou mitchif parlé par certains membres de la nation métisse du Canada. Les Cris
80%
Ville de cette même province, dans laquelle le chef métis (réponse #1) a été exécuté. Regina
80%
Héros américain du Far West, fondateur du spectacle Wild West Show, que rejoignit le précédent lors de son exil aux États-Unis d'Amérique. William Cody dit Buffalo Bill
80%
Chasseur et redoutable guerrier métis très adroit au tir. Grand vainqueur de la bataille de la Coulée des Tourond (Fish Creek) en 1885. Gabriel Dumont
60%
Sigle mathématique que l'on retrouve sur le drapeau métis. Cette boucle vient premièrement représenter la réunion de deux cultures européenne et amérindienne, pour en créer une seule. Deuxièmement, l'emblème évoque l'immortalité d'un peuple qui continue de lutter pour ses droits. L'infini
60%
Pays pour l'indépendance duquel militaient les Féniens (Fenians) qui espéraient l'alliance avec les Métis. Cependant, ceux-ci ont respecté les accords conclus avec les autorités canadiennes au moment de la création de la province précédente en 1870 et repoussèrent les Féniens. L'Irlande
60%
Auteur de bandes dessinées italien notamment connu pour son personnage de Corto Maltese mais qui publia également l'album Jesuit Joe du nom du descendant fictif du chef de la résistance métis (réponse #1) vers 1920. Hugo Pratt
40%
Explorateur canadien français qui fit entreprendre la construction de plusieurs postes de traite dans l'Ouest canadien entre 1732 et 1739, explorateur aujourd'hui toujours honoré par les Métis. La densité de population métis autour des postes fondés par cet explorateur allait devenir très importante par la suite. La rencontre des coureurs de bois français ou écossais entre autres avec les Amérindiennes allait engendré la nations métisse de l'Ouest canadien. Pierre Gaultier de Varennes, sieur de La Vérendrye
40%
Aucun quiz correspondant
Distribution des résultats
% des personnes avec chaque résultat
Percentile par nombre de réponses
Votre historique - résultats
Vous n’avez pas pris ce quiz